[Event "GER-ch U25-B"]
[Site "Willingen"]
[Date "2018.05.26"]
[Round "9"]
[White "Bardorz, Stefan"]
[Black "Ljuca, Rijad"]
[Result "1-0"]
[WhiteElo "1671"]
[BlackElo "1518"]
[PlyCount "69"]
[EventDate "2018.05.19"]
[EventType "swiss"]
[EventRounds "9"]
[EventCountry "GER"]
[SourceTitle "CBM 184 Extra"]
[Source "ChessBase"]
[SourceDate "2018.06.28"]
[SourceVersion "1"]
[SourceVersionDate "2018.06.28"]
[SourceQuality "1"]

1. e4 c5 2. Nc3 Nc6 3. g3 e6 4. Bg2 Nf6 5. f4 d6 6. d3 a6 7. Nf3 Qc7 8. 0-0 Be7 9. h3 b5 10. g4 Bb7 11. Ne2 Rd8 12. Ng3 d5 13. e5 Nd7 14. Qe1 Nb4 15. Qf2 d4 16. a3 Nd5 17. Ne4 N5b6 18. Nh4 Bxe4 19. Bxe4 h5 20. g5 g6 21. Qf3 Nb8 22. Nxg6 fxg6 23. Bxg6+ Kd7 24. Bxh5 Rdf8 25. Qe2 c4 26. Bg4 Rhg8 27. h4 Nd5 28. Kg2 c3 29. b4 Nc6 30. Qe4 Bxb4 31. axb4 Ncxb4 32. Ba3 Nxc2 33. Qxd5+ Ke8 34. Qxe6+ Kd8 35. Be7+ 1-0

[Event "GER-ch U25-B"]
[Site "Willingen"]
[Date "2018.05.23"]
[Round "6"]
[White "Ljuca, Rijad"]
[Black "Hoke, Joshua Sky"]
[Result "0-1"]
[WhiteElo "1518"]
[BlackElo "1706"]
[PlyCount "92"]
[EventDate "2018.05.19"]
[EventType "swiss"]
[EventRounds "9"]
[EventCountry "GER"]
[SourceTitle "CBM 184 Extra"]
[Source "ChessBase"]
[SourceDate "2018.06.28"]
[SourceVersion "1"]
[SourceVersionDate "2018.06.28"]
[SourceQuality "1"]

1. e4 e5 2. Nf3 Nc6 3. Bb5 a6 4. Ba4 Nf6 5. Bxc6 dxc6 6. d3 Bc5 7. 0-0 Qd6 8. Nbd2 b5 9. Nb3 Bb6 10. h3 0-0 11. Re1 Re8 12. d4 Nd7 13. dxe5 Nxe5 14. Nxe5 Qxe5 15. Qf3 c5 16. Qf4 c4 17. Qxe5 Rxe5 18. Bf4 Re6 19. Nd2 Bb7 20. Be3 Ba5 21. c3 Bxe4 22. Nxe4 Rxe4 23. Bd4 Rae8 24. Rxe4 Rxe4 25. Kf1 Kf8 26. Re1 Rxe1+ 27. Kxe1 Bb6 28. Bxb6 cxb6 29. Ke2 Ke7 30. Ke3 Ke6 31. Kd4 Kd6 32. a3 a5 33. h4 f6 34. h5 g6 35. hxg6 hxg6 36. g4 Kc6 37. f4 Kd6 38. a4 bxa4 39. Kxc4 Kc6 40. Kd4 b5 41. c4 b4 42. c5 a3 43. bxa3 bxa3 44. Kc3 a2 45. Kb2 Kxc5 46. Kxa2 Kd4 0-1

[Event "GER-ch U12"]
[Site "Willingen"]
[Date "2017.06.06"]
[Round "5"]
[White "Ljuca, Rijad"]
[Black "Gluma, Christian"]
[Result "1/2-1/2"]
[WhiteElo "1465"]
[BlackElo "1663"]
[PlyCount "141"]
[EventDate "2017.06.04"]
[EventType "swiss"]
[EventRounds "11"]
[EventCountry "GER"]
[SourceTitle "CBM 178 Extra"]
[Source "ChessBase"]
[SourceDate "2017.06.22"]
[SourceVersion "1"]
[SourceVersionDate "2017.06.22"]
[SourceQuality "1"]

1. d4 d5 2. c4 e6 3. Nc3 Nf6 4. Bg5 Be7 5. Nf3 h6 6. Bxf6 Bxf6 7. e3 0-0 8. cxd5 exd5 9. Bd3 Re8 10. 0-0 c6 11. h3 Nd7 12. e4 Nb6 13. exd5 Nxd5 14. Re1 Be6 15. Nxd5 Qxd5 16. Ne5 Rad8 17. Bc4 Qxd4 18. Qxd4 Rxd4 19. Bxe6 Rxe6 20. Nf3 Rd5 21. Rxe6 fxe6 22. Rb1 Kf7 23. b3 Rc5 24. Ne1 Bg5 25. Kf1 Ke7 26. Ke2 Re5+ 27. Kf1 Bd2 28. Nf3 Rd5 29. Rd1 Bc3 30. Rxd5 exd5 31. Ke2 Kd6 32. Ke3 Kc5 33. Kd3 Bf6 34. g4 g5 35. a3 a5 36. Ng1 Kd6 37. Ne2 Ke5 38. Ng3 Be7 39. a4 Bf8 40. Nf5 Kf4 41. Ke2 Ke4 42. h4 b5 43. hxg5 hxg5 44. axb5 cxb5 45. Ne3 d4 46. Nd1 a4 47. bxa4 bxa4 48. f3+ Kd5 49. Kd2 a3 50. Kc2 Bb4 51. Kb3 Bd6 52. Nf2 Ke6 53. Nd3 Kd5 54. Nf2 Kc5 55. Ne4+ Kd5 56. Nxg5 d3 57. Ne4 Be7 58. g5 Bxg5 59. Kxa3 Bc1+ 60. Kb3 Kd4 61. Kb4 Bf4 62. Kb3 Bc1 63. Kb4 Bb2 64. Kb3 Ba1 65. Kb4 Bb2 66. Kb3 Bc1 67. Kb4 Bf4 68. Kb3 Bc7 69. Kb4 Be5 70. Kb3 Kd5 71. Kb4 1/2-1/2

[Event "GER-ch U12"]
[Site "Willingen"]
[Date "2017.06.05"]
[Round "3"]
[White "Grossmann, Piet"]
[Black "Ljuca, Rijad"]
[Result "1-0"]
[WhiteElo "1608"]
[BlackElo "1465"]
[PlyCount "49"]
[EventDate "2017.06.04"]
[EventType "swiss"]
[EventRounds "11"]
[EventCountry "GER"]
[SourceTitle "CBM 178 Extra"]
[Source "ChessBase"]
[SourceDate "2017.06.22"]
[SourceVersion "1"]
[SourceVersionDate "2017.06.22"]
[SourceQuality "1"]

1. e4 d5 2. exd5 Nf6 3. d4 Qxd5 4. Nf3 Bf5 5. Be2 Nc6 6. c3 0-0-0 7. 0-0 e6 8. Be3 Be7 9. a3 h6 10. c4 Qd7 11. b4 Nb8 12. Nc3 g5 13. Ne5 Qe8 14. Nb5 c6 15. Nxa7+ Kc7 16. Qa4 Nfd7 17. Nxd7 Nxd7 18. Nxc6 bxc6 19. Qa7+ Kc8 20. c5 Nb8 21. Ba6+ Nxa6 22. Qxa6+ Kc7 23. Qa7+ Kc8 24. b5 Bd3 25. Qa8+ 1-0

[Event "GER-ch U12"]
[Site "Willingen"]
[Date "2017.06.05"]
[Round "4"]
[White "Ljuca, Rijad"]
[Black "Kuehn, Antoni"]
[Result "1-0"]
[WhiteElo "1465"]
[BlackElo "940"]
[PlyCount "49"]
[EventDate "2017.06.04"]
[EventType "swiss"]
[EventRounds "11"]
[EventCountry "GER"]
[SourceTitle "CBM 178 Extra"]
[Source "ChessBase"]
[SourceDate "2017.06.22"]
[SourceVersion "1"]
[SourceVersionDate "2017.06.22"]
[SourceQuality "1"]

1. d4 d5 2. c4 dxc4 3. e3 e6 4. Nc3 Nf6 5. Nf3 Nc6 6. Bd2 Be7 7. a3 0-0 8. Qc2 g6 9. h3 Bd7 10. g4 Bc8 11. Be2 b6 12. 0-0-0 Ba6 13. e4 Kg7 14. e5 Ne8 15. Ne4 Rb8 16. h4 Nxd4 17. Nxd4 Qxd4 18. Bh6+ Kg8 19. Rxd4 c5 20. Bxf8 Kxf8 21. Rd7 Ra8 22. Qd2 Bc8 23. Qh6+ Kg8 24. Rxe7 Bb7 25. Nf6+ 1-0